00352nam a2200085Ia 4500008004100000245007700041260009200118546001200210710004400222220512s9999 xx 000 0 eng d 0aInternational Seminar on Cohesive Devlopment : An Alternatuve Paradigm / aPatna 800001 :bA N Sinha Insititute of Social Stuidies Gandi Maidan,cFeb, 24-25, 2017 aEnglish aA N Sinha Insititute of Social Stuidies